Statistics for SNL Guest Hosts - Season 23

Click here to take the quiz!

General Stats

  • This quiz has been taken 8 times
  • The average score is 12 of 20

Answer Stats

Premiere DateFamous ForMusical GuestGuest Host% Correct
October 18, 1997The Mummy, George of the Jungle, Furry VengeanceBjorkBrendan Fraser
100%
October 4, 1997Friends, The Ron Clark Story, Studio 60 on the Sunset StripOasisMatthew Perry
100%
January 10, 1998Snakes on a Plane, Pulp Fiction, The IncrediblesBen Folds FiveSamuel L. Jackson
100%
September 27, 1997Rambo, Rocky, The ExpendablesJamiroquaiSylvester Stallone
100%
December 13, 1997Cast Away, What Women Want, Pay It ForwardHansonHelen Hunt
88%
February 7, 1998Monsters Inc, Roseanne, The Big LebowskiPaula ColeJohn Goodman
88%
Jaunary 17, 1998Buffy the Vampire Slayer, Swans Crossing, All My ChildrenPortisheadSarah Michelle Gellar
88%
April 4, 1998Monsters Inc, Boardwalk Empire, Hotel TransylvaniaThird Eye BlindSteve Buscemi
75%
November 15, 1997My So-Called Life, Little Women, Romeo + JulietMariah CareyClaire Danes
63%
November 8, 1997Former cast member on SNL, The CriticJane's AddictionJon Lovitz
63%
May 2, 1998The Lion King, Ferris Buehler's Day OffNatalie MerchantMatthew Broderick
63%
October 25, 1997Former cast member on SNLThe Mighty Mighty BosstonesChris Farley
50%
May 9, 1998The X Files, AquariusPuff Daddy, Jimmy PageDavid Duchovny
50%
February 28, 1998"The Thunder Rolls", "Rodeo", American Honky-Tonk Bar Association"HimselfGarth Brooks
50%
April 11, 1998As Good As It Gets, Sabrina, You've Got MailAll SaintsGreg Kinnear
38%
March 7, 1998Party of Five, Everwood, The Night ShiftNatalie ImbrugliaScott Wolf
38%
March 14, 1998The Hunger Games: Mockingjay - Part 1 & 2, Nine Months, The Lost World: Jurassic ParkBackstreet BoysJulianne Moore
13%
February 14, 1998Touched By an Angel, A Woman Named JackieMissy Misdemeanor ElliotRoma Downey
13%
November 22, 1997Former mayor of NYCSarah McLachlanRudolph Giuliani
13%
December 6, 1997The Lion King, It's Only a PlayMetallica & Marianne FaithfulNathan Lane
0%

Score Distribution

Percentile by Number Answered

Percent of People with Each Score

Your Score History

You have not taken this quiz